Adopt Me Eggs and Their Legs - Statistics

General Stats
  • This quiz has been taken 86 times
  • The average score is 20 of 50
Answer Stats
Hint Answer % Correct
Leg Pet Giraffe
78%
Egg 2019 Safari Egg
77%
Egg 2019 Jungle Egg
72%
Leg Pet Kangaroo
71%
Leg Pet Turtle
70%
Leg Pet Parrot
68%
Leg Pet Owl
67%
Leg Pet Unicorn
67%
Egg 2019 Farm Egg
65%
Egg 2020 Aussie Egg
64%
Egg 2021 Ocean Egg
64%
Leg Pet Crow
62%
Leg Pet Dragon
61%
Leg Pet Shark
57%
Leg Pet T-Rex
54%
Egg 2020 Fossil Egg
52%
Leg Pet Octopus
49%
Egg 2022 Japan Egg
46%
Egg 2021 Mythic Egg
46%
Egg 2019 Christmas Egg
45%
Leg Pet Dodo
45%
Egg 2024 Garden Egg
45%
Egg 2019- Cracked egg
38%
Leg Pet Arctic Reindeer
36%
Egg 2023 Danger Egg
36%
Egg 2023 Urban Egg
36%
Egg 2022 Woodland Egg
36%
Egg 2023 Southeast asia egg
30%
Leg Pet Ancient Dragon
29%
Leg Pet Mushroom Friend
29%
Leg Pet Phoenix
29%
Leg Pet Goldhorn
28%
Egg 2024 Desert Egg
26%
Egg 2022- Retired Egg
25%
Leg Pet Alicorn
23%
Leg Pet Dragonfly
22%
Leg Pet Hawk
22%
Leg Pet Maneki-Neko
20%
Leg Pet Rosy Maple Moth
20%
Leg Pet Baku
19%
Leg Pet Cactus Friend
17%
Leg Pet Gargoyle
17%
Leg Pet Owlbear
16%
Leg Pet Billy Goat
14%
Leg Pet Naga Dragon
13%
Leg Pet Spinosaurus
13%
Leg Pet Tree Kangaroo
13%
Leg Pet Criosphinx
12%
Leg Pet Golden Tortoise Beetle
12%
Leg Pet Fellow Deer
7%
No matching quizzes found
Score Distribution
Percent of People with Each Score
Percentile by Number Answered
Your Score History
You have not taken this quiz